| 000 | 00678nam a2200217Ia 4500 | ||
|---|---|---|---|
| 001 | 1626 | ||
| 003 | GE_BSU | ||
| 008 | 181216s||||||||xx |||||||||||||| ||und|| | ||
| 040 | _cGE_BSU | ||
| 080 | _a622.276 | ||
| 100 | _aБайков,Н.М. Сайфутдинова,Х.Х. Г.Н.Авдева, | ||
| 245 | _aЛабораторный контроль при добыче нефти и газа. | ||
| 245 | _bУчебное пособие. | ||
| 260 | _aМ. | ||
| 260 | _bНедра. | ||
| 260 | _c1983. | ||
| 300 | _a127стр. 21см. | ||
| 541 | _h5л. | ||
| 653 | _aЛабораторный контроль при добыче нефти и газа. | ||
| 942 | _cBK | ||
| 999 |
_c35747 _d35747 |
||